Statistics for Anthony Edwards Trivia

Click here to take the quiz!

General Stats

  • This quiz has been taken 114 times
  • The average score is 11 of 17

Answer Stats

HintAnswer% Correct
What pick was he?1
98%
When did Anthony Edwards get drafted?2020
98%
What team does he currently play for?Minnesota Timberwolves
96%
What is Anthony Edwards's nickname?Ant-Man
89%
What position does he play?Shooting Guard
84%
What sport did he originally want to play?American Football
83%
What college did he go to?Georgia Bulldogs
83%
How tall is he?6'4
79%
How many points did Ant average his rookie season?19.3
74%
How many points did he drop in his first ever playoff game?36
65%
How much does he weigh?225
62%
Where was Ant born?Atlanta, Georgia
57%
The name of his dogAnt Jr.
51%
Ant once paused a post-game press conference to order himself some food. What was the food?McDonalds
49%
What is his birthday?August 5, 2001
32%
What is his middle name?DeVante
29%
Who is his favorite player?Dwyane Wade
17%

Score Distribution

Percentile by Number Answered

Percent of People with Each Score

Your Score History

You have not taken this quiz